Представление документа в формате MARC21

Поле Инд. ПП Название Значение
Тип записи a
Библиографический уровень b
001 Контрольный номер RU/IS/BASE/267628473
005 Дата корректировки 20200630193300.8
008 Кодируемые данные 20080624
040 b Код языка каталог. rus
e Правила каталог. PSBO
041 0_ a Код языка текста rus
084 a Индекс другой классификации/Индекс ББК 83.3(2=411.2)6; 83.001; 87.8г(2)
100 1_ a Автор Злочевская А. В.
245 10 a Заглавие Владимир Набоков и Юлий Айхенвальд
504 a Библиография Библиогр.: с. 121 - 122
520 0_ a Аннотация В статье рассматривается критико-эстетическая концепция В. Набокова, которая, как считает автор, имеет множество точек соприкосновения с эстетической позицией Ю. Айхенвальда
600 14 a Персоналии Набоков Владимир Владимирович
a Персоналии Айхенвальд Юлий Исаевич
650 04 a Основная рубрика искусство
a Основная рубрика история литературы
a Основная рубрика история эстетики
a Основная рубрика литературная критика
a Основная рубрика литературоведение
a Основная рубрика теория литературы
a Основная рубрика филологические науки
a Основная рубрика эстетика
653 1_ a Ключевые слова XX век
a Ключевые слова писатели
a Ключевые слова проза
a Ключевые слова Россия
a Ключевые слова русская литература
a Ключевые слова философия искусства
a Ключевые слова философия литературы
a Ключевые слова художественное творчество
773 08 t Заглавие источника Вестник Московского университета. Серия 9, Филология
d Дата издания источника 2007
g Прочая информация № 5. - С. 115 - 122
w Контрольный № источника RU/IS/BASE/261756274
901 t Тип документа b